000 00291 a2200145 4500
001 168960
020 _a
040 _cMagnum
100 _aKerr, Lewis
240 1 0 _aMission apollo
_lING
245 1 0 _aMission apollo
362 0 _a1899
697 _aLITERATURA ESTRANGEIRA
942 _cBK
999 _c168960
_d168960